Oscar niemeyer / (Record no. 352373)

000 -LEADER
fixed length control field 01528 a2200289 4500
003 - CONTROL NUMBER IDENTIFIER
control field OSt
005 - DATE AND TIME OF LATEST TRANSACTION
control field 20260203100656.0
008 - FIXED-LENGTH DATA ELEMENTS--GENERAL INFORMATION
fixed length control field 120419t xxu||||| |||| 00| 0 eng d
020 ## - INTERNATIONAL STANDARD BOOK NUMBER
International Standard Book Number 8425215765 (paperback)
020 ## - INTERNATIONAL STANDARD BOOK NUMBER
International Standard Book Number 9788425215766 (paperback)
040 ## - CATALOGING SOURCE
Transcribing agency 0
082 04 - DEWEY DECIMAL CLASSIFICATION NUMBER
Classification number 720.92
100 1# - MAIN ENTRY--PERSONAL NAME
Personal name Botey, Josep M.
9 (RLIN) 32414
245 10 - TITLE STATEMENT
Title Oscar niemeyer /
Statement of responsibility, etc. Josep M. Botey.
250 ## - EDITION STATEMENT
Edition statement unknown ed.
260 ## - PUBLICATION, DISTRIBUTION, ETC.
Place of publication, distribution, etc. Barcelona
Name of publisher, distributor, etc. Editorial Gustavo Gili,
Date of publication, distribution, etc. 1996.
300 ## - PHYSICAL DESCRIPTION
Extent 255 p. ;
Other physical details ill;
Dimensions 21 cm.
490 1# - SERIES STATEMENT
Series statement Obras Y proyectos / works and projects.
520 ## - SUMMARY, ETC.
Summary, etc. Oscar Niemeyer (Rio de Janeiro, 1907) began his career working as an assistant to the architect Lucio Costa, who introduced him to Le Corbusier. With more than 400 illustrations, this is the most complete study yet published on the work of one of the Brazil's most famous architects. Set out in ten chapters, arranged typologically, the book presents a selection of buildings and projects by an architect who has managed to combine the great tradition of his native Brazil with curvilinear forms, obtaining results that have frequently earned him the accolade of maestro.
600 ## - SUBJECT ADDED ENTRY--PERSONAL NAME
Personal name Niemeyer, Oscar,
Dates associated with a name 1907
9 (RLIN) 32415
650 ## - SUBJECT ADDED ENTRY--TOPICAL TERM
Topical term or geographic name entry element Architecture, Modern
9 (RLIN) 32028
651 ## - SUBJECT ADDED ENTRY--GEOGRAPHIC NAME
Geographic name Brazil
9 (RLIN) 32416
830 #0 - SERIES ADDED ENTRY--UNIFORM TITLE
Uniform title Obras Y proyectos / works and projects.
9 (RLIN) 32417
856 40 - ELECTRONIC LOCATION AND ACCESS
Materials specified Amazon.com
Uniform Resource Identifier <a href="http://www.amazon.com/exec/obidos/ASIN/8425215765/chopaconline-20">http://www.amazon.com/exec/obidos/ASIN/8425215765/chopaconline-20</a>
942 ## - ADDED ENTRY ELEMENTS (KOHA)
Institution code [OBSOLETE] SADA
Koha item type Book
Call number prefix 720.92 BOT 1996
Source of classification or shelving scheme
Holdings
Withdrawn status Lost status Source of classification or shelving scheme Damaged status Not for loan Permanent Location Current Location Date acquired Full call number Barcode Date last seen Cost, replacement price Price effective from Koha item type
          School of Art Design and Architecture (SADA) School of Art Design and Architecture (SADA) 09/29/2010 720.92 BOT 1996 SADA0000284 08/05/2011 2456.00 08/05/2011 Book
© 2023 Central Library, National University of Sciences and Technology. All Rights Reserved.